[Event "AUTO-MASTER-3298"]
[Site "http://www.queenalice.com/game.php?id=1870379"]
[Date "2026.3.12"]
[Round "1"]
[White "matamuff"]
[Black "chessman"]
[Result "1-0"]
[WhiteElo "1849"]
[BlackElo "2036"]

1. Na3 e5 2. Nc4 Nc6 3. e4 b5 4. Ne3 a6 5. Nf3 Bb7 6. d3 Nf6 7. g3 Be7 8. Bg2
O-O 9. O-O d5 10. c3 dxe4 11. dxe4 Nxe4 12. Qc2 Nf6 13. b4 Bd6 14. Nf5 Re8 15.
Nxd6 cxd6 16. Bg5 Rc8 17. Qb2 h6 18. Be3 Qe7 19. a4 e4 20. Nd4 Nd5 21. axb5 Nxd4
22. Bxd4 axb5 23. Qd2 Nf6 24. Bxf6 Qxf6 25. Ra7 Ba8 26. Ra6 Qxc3 27. Qxc3 Rxc3
28. Rxd6 Rc4 29. Rb1 Rec8 30. h3 f5 31. h4 Bc6 32. Bh3 Rf8 33. Bg2 f4 34. Bf1
Rc2 35. Bg2 fxg3 36. fxg3 Rff2 37. Rd8+ Kh7 38. Bh3 e3 39. Bf5+ g6 40. Bxc2 Rg2+
41. Kf1 Rxc2 42. Rd6 Rh2 43. Rb3 e2+ 44. Ke1 1-0

[Event "AUTO-MASTER-3298"]
[Site "http://www.queenalice.com/game.php?id=1870380"]
[Date "2026.3.12"]
[Round "1"]
[White "chessman"]
[Black "matamuff"]
[Result "1-0"]
[WhiteElo "2027"]
[BlackElo "1858"]

1. e4 d6 2. d4 g6 3. Bd3 Bg7 4. c3 a6 5. f4 Nh6 6. Nf3 Bg4 7. h3 Bxf3 8. Qxf3
Nd7 9. O-O O-O 10. Nd2 b5 11. f5 e5 12. Nb3 c5 13. dxc5 Nxc5 14. Bc2 Qb6 15. Kh1
Nd7 16. f6 Nxf6 17. Bxh6 Qd8 18. Bxg7 Kxg7 19. Rad1 Ne8 20. Nd2 Ra7 21. a4 Qf6
22. Qxf6+ Nxf6 23. axb5 axb5 24. Nf3 Rd7 25. g4 Rfd8 26. Rfe1 h6 27. Kg2 g5 28.
Bb3 Kf8 29. Bd5 Nxd5 30. Rxd5 Ke7 31. b3 Rc8 32. Rxb5 Rxc3 33. Rb1 Rc2+ 34. Kg3
Rc3 35. b4 Rdc7 36. Rb2 Ra7 37. Rf2 Raa3 38. Rb7+ Ke6 39. Kg2 Rab3 40. b5 Rc5
41. Nxg5+ hxg5 42. Rbxf7 1-0

[Event "AUTO-MASTER-3298"]
[Site "http://www.queenalice.com/game.php?id=1870381"]
[Date "2026.3.12"]
[Round "1"]
[White "matamuff"]
[Black "Tonto"]
[Result "1-0"]
[WhiteElo "1855"]
[BlackElo "1967"]

1. Na3 e5 2. Nc4 d6 3. e4 Be7 4. d3 Nf6 5. Nf3 Bg4 6. Be2 O-O 7. O-O Nc6 8. c3
Bh5 9. Bg5 h6 10. Bh4 d5 11. Ncxe5 dxe4 12. Bxf6 Bxf6 13. Nxc6 bxc6 14. dxe4 Qe7
15. Nd4 Bg6 16. Re1 Rad8 17. Nxc6 Rxd1 18. Nxe7+ Bxe7 19. Raxd1 Bd6 20. g3 Bxe4
21. Bd3 Bd5 22. c4 Bc6 23. f4 Bf3 24. Be2 Bc5+ 25. Kf1 Bb7 26. Rc1 Bc8 27. Kg2
Rd8 28. Rcd1 Bb7+ 29. Kh3 Bc8+ 30. Kg2 Rf8 31. Bf3 Be6 32. b3 a5 33. Bd5 Bb4 34.
Re2 Bg4 35. Bf3 Bf5 36. Be4 Bc8 37. a4 Kh8 38. h3 f5 39. Bc6 Rf6 40. Bf3 Kh7 41.
h4 Rf8 42. Rd3 Bd6 43. Rde3 g5 44. hxg5 hxg5 45. Re8 g4 46. Bd5 Bd7 47. Rxf8
Bxf8 48. Be6 Bc6+ 49. Kf1 Be4 50. Rd2 Bd6 51. Ke2 Kg6 52. Bd5 Bb1 53. Ke3 Bb4
54. Rb2 Be4 55. Bxe4 fxe4 56. Kxe4 Kf6 57. Rh2 Be1 58. Rh6+ Kg7 59. Ra6 Bxg3 60.
Rxa5 Bh4 61. Ra7 Bd8 62. f5 Kh6 63. Kf4 Kh5 64. f6 Bxf6 65. Ra6 Bc3 66. Kg3 Bb4
67. Rc6 Be1+ 68. Kg2 Kh4 69. Re6 Bb4 70. Rc6 Ba5 71. Ra6 Bb6 72. Rxb6 cxb6 73.
c5 bxc5 74. a5 1-0

[Event "AUTO-MASTER-3298"]
[Site "http://www.queenalice.com/game.php?id=1870382"]
[Date "2026.3.12"]
[Round "1"]
[White "Tonto"]
[Black "matamuff"]
[Result "1-0"]
[WhiteElo "2051"]
[BlackElo "1877"]

1. e4 c5 2. Nf3 a6 3. Bc4 Nc6 4. Ng5 Nh6 5. Nc3 e6 6. O-O Qxg5 7. d4 Qd8 8. Bxh6
gxh6 9. d5 Ne5 10. Be2 d6 11. Bh5 Ng6 12. dxe6 Bxe6 13. Nd5 Bxd5 14. Qxd5 Qc7
15. Qf5 Qd7 16. Qf6 Rg8 17. Rfe1 Be7 18. Qf3 Ne5 19. Qb3 c4 20. Qc3 O-O-O 21.
Bxf7 Nxf7 22. Qxc4+ Kb8 23. Qxf7 Qg4 24. g3 Qg7 25. Qb3 Qd4 26. Rad1 Qc5 27. c3
Rgf8 28. Qc2 Rf3 29. Rd5 Qc6 30. Red1 Rdf8 31. b4 Qb6 32. Rf5 R3xf5 33. exf5 Bf6
34. a3 h5 35. c4 Rc8 36. Qe2 h4 37. Qe6 hxg3 38. hxg3 Qd8 39. c5 Qe7 40. cxd6
Qxe6 41. fxe6 Rd8 42. f4 Kc8 43. f5 Be5 44. d7+ Rxd7 45. Rxd7 Bf6 46. Rf7 Be5
47. Rxh7 b5 48. Ra7 Bd4+ 49. Kg2 Bxa7 50. Kf3 Kc7 51. g4 Bd4 52. g5 Kd6 53. g6
Ke7 54. Ke4 Bf6 55. Kd5 Kd8 56. Kc6 Ke7 57. Kb6 Kf8 58. Kxa6 Bb2 59. Kxb5 Bxa3
60. Kc4 Bc1 61. b5 Be3 62. Kd5 Bb6 63. f6 1-0

[Event "Challenge"]
[Site "http://www.queenalice.com/game.php?id=1870599"]
[Date "2026.3.15"]
[Round "-"]
[White "jogo"]
[Black "matamuff"]
[Result "0-1"]
[WhiteElo "1599"]
[BlackElo "1882"]

1. e4 c5 2. Nf3 a6 3. d4 cxd4 4. Nxd4 g6 5. Be3 Bg7 6. Qd2 Nc6 7. c3 Nf6 8. f3
e5 9. Nxc6 dxc6 10. Qxd8+ Kxd8 11. a4 Ke7 12. Bc5+ Kd7 13. Na3 Bf8 14. O-O-O+
Kc7 15. Bxf8 Rxf8 16. Nc4 Re8 17. Nd6 Re7 18. Bc4 Be6 19. Bxe6 fxe6 0-1

[Event "AUTO-ADV-4926"]
[Site "http://www.queenalice.com/game.php?id=1870867"]
[Date "2026.3.24"]
[Round "1"]
[White "Daniel1962"]
[Black "matamuff"]
[Result "1-0"]
[WhiteElo "1756"]
[BlackElo "1881"]

1. e4 Nf6 2. d3 c5 3. Nc3 Nc6 4. Be3 d6 5. Nf3 e5 6. Nd5 Nxd5 7. exd5 Nd4 8.
Bxd4 cxd4 9. Be2 Qa5+ 10. Nd2 Qxd5 11. Bf3 Qa5 12. O-O g6 13. Ne4 Qd8 14. h3 Bg7
15. c4 Bf5 16. Qa4+ Bd7 17. Qb3 b6 18. Nxd6+ Kf8 19. Bxa8 Qxa8 20. c5 bxc5 21.
Qxf7# 1-0

[Event "AUTO-ADV-4926"]
[Site "http://www.queenalice.com/game.php?id=1870868"]
[Date "2026.3.24"]
[Round "1"]
[White "matamuff"]
[Black "Daniel1962"]
[Result "1-0"]
[WhiteElo "1879"]
[BlackElo "1747"]

1. Na3 c6 2. Nf3 d5 3. e3 Bf5 4. g3 Be4 5. d3 Bxf3 6. Qxf3 e6 7. b3 Qa5+ 8. Ke2
Bxa3 9. Bd2 Qc5 10. Bg2 Qxc2 11. Rhd1 Qc5 12. Kf1 Nf6 13. Kg1 Na6 14. Bc1 Bxc1
15. Rdxc1 Qd6 16. a3 Nc5 17. Qd1 h5 18. h3 g5 19. b4 Na4 20. Qxa4 e5 21. Qa5 e4
22. d4 Nd7 23. Bf1 f5 24. Qa4 Nb6 25. Qd1 f4 26. exf4 gxf4 27. Qb3 fxg3 28. Qxg3
Qxg3+ 29. fxg3 O-O-O 30. b5 Nc4 31. bxc6 bxc6 32. Bxc4 dxc4 33. Rxc4 Kc7 34.
Rac1 Rh6 35. Rd1 e3 36. Kf1 Re6 37. Ke2 Kb6 38. Rb4+ Kc7 39. Ra4 Kb6 40. Rb1+
Kc7 41. Rxa7+ Kd6 42. Rh7 Kd5 43. Rxh5+ Kc4 44. Rb4+ Kc3 45. Rc5# 1-0